000 00677nam a2200241Ia 4500
003 OSt
005 20221006143030.0
006 a|||||r|||| 00| 0
007 ta
008 221006b |||||||| |||| 00| 0 eng d
020 _c
_4.00
024 _a7,852
037 _cTextual
040 _aEASL
_cEASL
_beng
041 _2eng
_aeng
082 _aF42(D2)vN16, L9
100 _aHATATE Isao
_9649004
245 0 _aIrrigation water rights disputes in Japan
_b As seen in the Azusa river system
260 _aAichi
_bAichi University Japan
_c1979
300 _a30p.
_ccm.
942 _hF42(D2)vN16, L9
_cTEXL
_2CC
999 _c1075938
_d1075938